Modelo para la gestión de operaciones de los servicios del Departamento de Enfermería del Hospital Nacional de Geriatría y Gerontología Dr. Raúl Blanco Cervantes
Guardado en:
| Hovedforfatter: | |
|---|---|
| Andre forfattere: | , |
| Format: | Bog |
| Udgivet: |
[San José, Costa Rica]
2008
|
| Fag: | |
| Tags: |
Tilføj Tag
Ingen Tags, Vær først til at tagge denne postø!
|
MARC
| LEADER | 00000nam a2200000Ia 4500 | ||
|---|---|---|---|
| 003 | 001050 | ||
| 005 | 20221231144102.0 | ||
| 008 | 140114b2008 cr a 000 ||s d | ||
| 040 | |c cru CEDI | ||
| 090 | |a TFG 5577 | ||
| 100 | |a Arguedas Arce, Álvaro |9 4526 | ||
| 245 | |a Modelo para la gestión de operaciones de los servicios del Departamento de Enfermería del Hospital Nacional de Geriatría y Gerontología Dr. Raúl Blanco Cervantes | ||
| 260 | |c 2008 |b [San José, Costa Rica] | ||
| 300 | |a 2 volúmenes | ||
| 500 | |a Proyecto de graduación (licenciatura en ingeniería industrial)--Universidad de Costa Rica. Facultad de Ingeniería. Escuela de Ingeniería Industrial | ||
| 650 | |x HOSPITAL NACIONAL DE GERIATRIA Y GERONTOLOGIA DR. RAUL BLANCO CERVANTES (COSTA RICA) |x GESTION ADMINISTRATIVA |x SERVICIOS DE SALUD |x ATENCION DE ENFERMERIA |x EVALUACION |x CALIDAD DEL SERVICIO |x CALIDAD DE LA ATENCION DE SALUD |9 4530 | ||
| 700 | |9 4528 |a Cantillo Soto, Juan Carlos | ||
| 700 | |9 4529 |a Sibaja Rodríguez, Sergio | ||
| 942 | |c TFG | ||
| 999 | |c 16684 |d 16684 | ||
